The Cinema Archives Top 250 Directors - Statistics

General Stats
  • This quiz has been taken 1,403 times
  • The average score is 81 of 254
Answer Stats
Country Director % Correct
United Kingdom, United States Alfred Hitchcock
94%
United States Steven Spielberg
87%
United States Martin Scorsese
86%
Japan Akira Kurosawa
85%
United States Stanley Kubrick
84%
United States Francis Ford Coppola
83%
Sweden Ingmar Bergman
83%
United States Quentin Tarantino
80%
Italy Federico Fellini
79%
United States Sofia Coppola
79%
United Kingdom, United States Christopher Nolan
74%
France Jean-Luc Godard
74%
United States Wes Anderson
71%
France François Truffaut
70%
United States Paul Thomas Anderson
70%
Soviet Union Andrei Tarkovsky
68%
United States Ethan Coen
68%
Joel Coen
68%
United States John Ford
68%
Poland, United States, France Roman Polanski
68%
United States David Lynch
67%
South Korea Bong Joon-Ho
65%
United Kingdom, United States Charlie Chaplin
64%
Sweden Roy Andersson
63%
United States Spike Lee
63%
United States David Fincher
62%
Canada, United States James Cameron
62%
United States Orson Welles
62%
New Zealand Peter Jackson
62%
Italy, Spain, United States Sergio Leone
62%
Austria, Germany, United States Fritz Lang
61%
United States George Lucas
61%
United States Ridley Scott
61%
Mexico, United Kingdom, United States Alfonso Cuarón
60%
Taiwan, United States Ang Lee
60%
Austria, United States Billy Wilder
60%
China Wong Kar-Wai
60%
Japan Yasujirô Ozu
60%
Japan Hayao Miyazaki
59%
South Korea Lee Chang-dong
57%
United States Woody Allen
57%
United States Clint Eastwood
56%
Mexico, United States Guillermo del Toro
56%
Mexico, United States Alejandro González Iñárritu
55%
Spain Pedro Almodóvar
54%
Denmark, United Kingdom Lars von Trier
53%
South Korea Park Chan-Wook
53%
Belgium, France Agnès Varda
52%
United Kingdom David Lean
52%
Italy Michelangelo Antonioni
52%
Czech Republic, United States Miloš Forman
51%
France Jean Renoir
50%
Russia, Soviet Union Sergei Eisenstein
50%
United States Brian De Palma
48%
United States Buster Keaton
48%
Canada David Cronenberg
48%
Italy, United States Frank Capra
47%
Spain, France, Mexico Luis Buñuel
47%
Italy Roberto Rossellini
47%
United States Sidney Lumet
47%
Italy Bernardo Bertolucci
46%
Germany, United States Werner Herzog
46%
Canada, United States Denis Villeneuve
45%
Germany, United States Friedrich Wilhelm Murnau
45%
United States Robert Zemeckis
45%
United States John Carpenter
44%
Germany Wim Wenders
44%
Germany, Austria, France Michael Haneke
43%
India Satyajit Ray
43%
Italy Vittorio De Sica
43%
United States Howard Hawks
42%
United States John Huston
42%
United States Kathryn Bigelow
42%
Poland, France Krzysztof Kieślowski
42%
United States Nicholas Ray
41%
Germany, United States William Wyler
41%
Denmark, France Carl Theodor Dreyer
39%
United States David Wark Griffith
39%
China John Woo
39%
Italy Luchino Visconti
39%
France Robert Bresson
39%
United States Tim Burton
39%
Australia George Miller
38%
United States Michael Mann
38%
Italy Pier Paolo Pasolini
38%
United States Elia Kazan
37%
Hungary, United States Michael Curtiz
37%
United States Spike Jonze
37%
United States Terrence Malick
37%
United States Anthony Mann
36%
United States Bennett Miller
36%
United States Damien Chazelle
36%
Japan Kenji Mizoguchi
36%
Germany Rainer Werner Fassbinder
36%
United States Robert Altman
36%
United Kingdom Danny Boyle
35%
New Zealand, Australia Jane Campion
35%
Hungary Béla Tarr
34%
United States Jonathan Demme
34%
United States Oliver Stone
34%
United Kingdom, United States Sam Mendes
34%
United States Victor Fleming
34%
France Jacques Tati
33%
Australia Peter Weir
33%
United States Steven Soderbergh
33%
Iran Abbas Kiarostami
32%
United States Darren Aronofsky
32%
France Jacques Demy
32%
United States Mike Nichols
32%
United States George Cukor
31%
United States Greta Gerwig
31%
France Jean-Pierre Melville
31%
United Kingdom Michael Powell
31%
France Alain Resnais
30%
United States John Cassavetes
30%
United States Joseph L. Mankiewicz
30%
United States Richard Linklater
30%
United States Cecil B. DeMille
29%
United States Jeff Nichols
29%
United States William Friedkin
29%
Iran Asghar Farhadi
28%
Italy Dario Argento
28%
Taiwan Edward Yang
28%
France Éric Rohmer
28%
Germany, United States Ernst Lubitsch
28%
United States Michael Cimino
28%
United States Robert WIse
28%
United States, United Kingdom Terry Gilliam
28%
Lana Wachowski
27%
United States Lilly Wachowski
27%
United States Sidney Pollack
27%
United States Vincente Minnelli
27%
China Zhang Yimou
27%
United Kingdom Carol Reed
26%
United Kingdom, United States Edgar Wright
26%
United States George Stevens
26%
United Kingdom Ken Loach
26%
Japan Masaki Kobayashi
26%
United Kingdom, United States Tom Hooper
26%
United States Gus Van Sant
25%
France, United States Louis Malle
25%
Germany, France, United States Max Ophüls
25%
Greece, United Kingdom Yorgos Lanthimos
25%
United States George Roy Hill
24%
United States Jim Jarmusch
24%
United Kingdom Mike Leigh
24%
Italy Paolo Sorrentino
24%
United States Sam Peckinpah
24%
Argentina, France Gaspar Noé
23%
United States George A. Romero
23%
United Kingdom Joe Wright
23%
Belgium Jean-Pierre Dardenne
22%
Austria, United States Josef von Sternberg
22%
Luc Dardenne
22%
Poland Andrzej Wajda
21%
Austria, United States Erich von Stroheim
21%
Austria, United States Otto Preminger
21%
Netherlands, United States Paul Verhoeven
21%
Canada Xavier Dolan
21%
United States Ari Aster
20%
United States Bob Fosse
20%
United States David O. Russell
20%
United States Peter Bogdanovich
20%
Finland Aki Kaurismäki
19%
Chile, France, Mexico Alejandro Jodorowsky
19%
Austria, United States, United Kingdom Fred Zinnemann
19%
China Jia Zhangke
19%
Russia, Soviet Union Mikhail Kalatozov
19%
United Kingdom Nicolas Roeg
19%
United States Rob Reiner
19%
United States Steve McQueen
19%
United States Alan J. Pakula
18%
Thailand Apichatpong Weerasethakul
18%
United States Arthur Penn
18%
France Claire Denis
18%
Taiwan Hou Hsiao-hsien
18%
France Jean Vigo
18%
United States King Vidor
18%
Italy Luca Guadagnino
18%
United States Preston Sturges
18%
United States Robert Eggers
18%
United States Stanley Donen
18%
United Kingdom Anthony Minghella
17%
France Henri-Georges Clouzot
17%
United Kingdom, United States John Schlesinger
17%
France Marcel Carné
17%
United States Noah Baumbach
17%
Poland Paweł Pawlikowski
17%
United States John Sturges
16%
United Kingdom Laurence Olivier
16%
United Kingdom Peter Greenaway
16%
United States Barry Levinson
15%
France Leos Carax
15%
United States Raoul Walsh
15%
Japan Shôhei Imamura
15%
Germany, United States Douglas Sirk
14%
Austria Georg Wilhelm Pabst
14%
United States John McTiernan
14%
France Jean-Pierre Jeunet
13%
Italian Mario Bava
13%
Denmark, United States Nicolas Winding Refn
13%
United States Paul Schrader
13%
United States Warren Beatty
13%
United States Alexander Payne
12%
United States Barry Jenkins
12%
France Jean Cocteau
12%
Russia, United States Lewis Milestone
12%
Italy Sergio Corbucci
12%
United States Hal Ashby
11%
United Kingdom James Whale
11%
United States Joshua Safdie
11%
France, United Kingdom, United States René Clair
11%
Japan Satoshi Kon
11%
Australia Baz Luhrmann
10%
Benjamin Safdie
10%
United States James Ivory
10%
United Kingdom, United States John Boorman
10%
United States John Frankenheimer
10%
United Kingdom, United States Paul Greengrass
10%
United States Tod Browning
10%
United Kingdom, United States Tony Richardson
10%
United States Franklin J. Schaffner
9%
France, United States Jacques Tourneur
9%
United States Jules Dassin
9%
United States Todd Haynes
9%
Romania Cristian Mungiu
8%
United States Frank Borzage
8%
United States Joseph Lewis
8%
United Kingdom, United States Lynne Ramsay
8%
United States Robert Aldrich
8%
United States Kelly Reichardt
7%
United States Kenneth Lonergan
7%
Hungary László Nemes
7%
United States Ryan Coogler
7%
United States Abel Ferrara
6%
United States James Gray
6%
United States Lawrence Kasdan
6%
France René Clément
6%
United States Samuel Fuller
6%
United States Don Siegel
5%
United Kingdom Jonathan Glazer
5%
United States Robert Rossen
5%
United Kingdom Terence Davies
5%
United Kingdom Joanna Hogg
4%
Germany, United States Tom Tykwer
4%
United States Budd Boetticher
3%
United States Derek Cianfrance
3%
Czech Republic, United States Edgar G. Ulmer
3%
United States Trey Edward Shults
3%
New Zealand, Australia, United States Andrew Dominik
2%
United Kingdom, United States Jack Clayton
2%
United States John Sayles
2%
Russia Rouben Mamoulian
2%
United States Carroll Ballard
1%
No matching quizzes found
Score Distribution
Percent of People with Each Score
Percentile by Number Answered
Your Score History
You have not taken this quiz